MARC

LEADER 00000nam0a2200000 4500
001 314635
005 20231102002710.0
035 |a (RuTPU)RU\TPU\book\340057 
090 |a 314635 
100 |a 20160218d1981 k y0rusy50 ca 
101 1 |a eng  |c rus 
102 |a RU 
105 |a a z 001zy 
200 1 |a Физика плазмы  |d Plasma physics  |f под ред. Б. Б. Кадомцева 
210 |a Москва  |c Мир  |d 1981 
215 |a 191 с.  |c ил. 
225 1 |a Physics Series 
300 |a На английском языке 
320 |a Библиогр. в конце гл. 
510 1 |a Plasma physics  |z eng 
606 1 |a Физика плазмы  |2 stltpush  |3 (RuTPU)RU\TPU\subj\63739  |9 80711 
610 1 |a плазма 
610 1 |a эволюция 
610 1 |a плотность 
610 1 |a равновесие 
610 1 |a тороидальная плазма 
610 1 |a неустойчивость 
610 1 |a солитоны 
610 1 |a ленгмюровские солитоны 
610 1 |a магнитное поле 
610 1 |a электроны 
610 1 |a температура 
610 1 |a измерение 
610 1 |a циклотронный резонанс 
610 1 |a коэффициент поглощения 
610 1 |a электромагнитные волны 
610 1 |a английский язык 
675 |a 533.9  |v 4 
702 1 |a Кадомцев  |b Б. Б.  |g Борис Борисович  |4 340 
801 1 |a RU  |b 63413507  |c 20160218 
801 2 |a RU  |b 63413507  |c 20201207  |g RCR 
942 |c BK